000 00543nam a2200181 a 4500
005 20140310183207.0
008 030203s19uu xx 00 eng d
050 _aRT 42
_b.R395 2002
245 _aReal World Nursing Survival Guide :
_bdrug calculation and drug administration /
_cCynthia Chernecky... et. al.
300 _a269 p. :
_bcol. ill. ;
_c26 cm.
521 _aNUR
650 _aPractical nursing
650 _aDrug
_xdosage
650 _aNursing
_xmathematics
650 _aPharmacology
942 _cBK
_2lcc
_kFOR
999 _c20023
_d20023